Loading...
| History - American | 0 | 9 | 0 | 1 | 90 | 34 | 58.11 | 1 | 4 | 0.00 | 0.00 |
| History - European | 0 | 9 | 0 | 0 | 90 | 43 | 64.00 | 1 | 4 | 0.00 | 0.00 |
| Mythology | 0 | 7 | 0 | 1 | 70 | 42 | 74.57 | 0 | 2 | 0.00 | 0.00 |
| History - Other | 0 | 5 | 0 | 1 | 50 | 25 | 76.40 | 2 | 2 | 0.00 | 0.00 |
| Literature - American | 0 | 5 | 0 | 0 | 50 | 90 | 104.80 | 0 | 0 | 0.00 | 0.00 |
| Literature - European | 0 | 4 | 0 | 1 | 40 | 68 | 99.75 | 0 | 1 | 0.00 | 0.00 |
| Fine Arts - Classical Music | 0 | 4 | 0 | 0 | 40 | 82 | 100.00 | 0 | 0 | 0.00 | 0.00 |
| History - World | 0 | 4 | 0 | 1 | 40 | 29 | 42.25 | 1 | 3 | 0.00 | 0.00 |
| Religion | 0 | 4 | 0 | 0 | 40 | 11 | 55.00 | 2 | 3 | 0.00 | 0.00 |
| Literature - World | 0 | 4 | 1 | 0 | 35 | 64 | 92.75 | 0 | 0 | 0.00 | 0.00 |
| Current Events | 0 | 2 | 0 | 1 | 20 | 56 | 81.00 | 0 | 0 | 0.00 | 0.00 |
| Geography | 0 | 2 | 0 | 1 | 20 | 91 | 91.00 | 0 | 0 | 0.00 | 0.00 |
| Literature - British | 0 | 2 | 1 | 0 | 15 | 60 | 64.50 | 0 | 1 | 0.00 | 0.00 |
| Philosophy | 0 | 2 | 1 | 1 | 15 | 101 | 102.00 | 0 | 0 | 0.00 | 0.00 |
| Fine Arts - Other | 0 | 1 | 0 | 1 | 10 | 109 | 109.00 | 0 | 0 | 0.00 | 0.00 |
| Science - Other | 0 | 1 | 0 | 1 | 10 | 105 | 105.00 | 0 | 0 | 0.00 | 0.00 |
| Social Science | 0 | 1 | 0 | 0 | 10 | 99 | 99.00 | 0 | 0 | 0.00 | 0.00 |
| Science - Chemistry | 0 | 0 | 1 | 0 | -5 | 0.00 | 0 | 0 | 0.00 | 0.00 |